Guess the Taylor Swift Song (no hints) 75 - Statistics

General Stats
  • This quiz has been taken 95 times
  • The average score is 211 of 289
Answer Stats
Answer % Correct
I
100%
a
98%
in
98%
it
98%
you
98%
You
98%
your
98%
Your
98%
the
97%
The
97%
I'm
95%
be
93%
you're
93%
is
92%
Is
92%
me
92%
on
92%
my
90%
to
90%
when
90%
and
88%
And
88%
it's
87%
It's
87%
No,
87%
of
87%
But
85%
but
85%
If
85%
if
85%
like
85%
that
85%
for
82%
All
80%
As
80%
as
80%
could
80%
know
80%
never
80%
see
80%
I'll
78%
with
78%
just
77%
would
77%
Would
77%
I'd
75%
think
73%
had
68%
now
68%
'Cause
67%
got
67%
give
65%
Give
65%
Our
65%
has
63%
love's
63%
friend
62%
come
60%
die
60%
only
60%
secret
58%
these
58%
always
57%
peace
57%
peace?
57%
people
57%
show
55%
there's
55%
enough
53%
enough?
53%
heart
50%
keep
50%
warm
50%
best
48%
fire,
48%
gone
48%
gonna
48%
standing
48%
two
48%
around
47%
brother
47%
talk
47%
coming
45%
devil's
45%
Family
45%
rain
45%
blues
43%
brittle
43%
child
43%
east,
43%
lives
43%
long
43%
other
43%
shit
43%
summer,
43%
wild,
43%
age
42%
clowns
42%
comes
42%
corner,
42%
each
42%
friends
42%
makes
42%
near
42%
ocean
42%
sunshine,
42%
wasting
42%
wave
42%
west
42%
cascade
40%
courage
40%
danger
40%
darling
40%
details,
40%
robbers
40%
Suddenly
40%
understand
40%
wall
40%
clear
38%
convictions
38%
fences
38%
honor
38%
paint
38%
seem
38%
trenches
38%
chose,
37%
dreamscapes
37%
silence
37%
Sit
37%
small
37%
integrity
33%
swing
33%
No matching quizzes found
Score Distribution
Percent of People with Each Score
Percentile by Number Answered
Your Score History
You have not taken this quiz